| 000 | 00495nam a2200145 a 4500 | ||
|---|---|---|---|
| 001 | 000049144 | ||
| 005 | 20240313135919.0 | ||
| 008 | 190723s1982 dr 000 spa d | ||
| 040 |
_aDO-SdBNP _bspa _cBNPHU |
||
| 100 | 1 |
_a Mejía-Ricart G., Marcio, _d1933- _q(Mejía-Ricart Guzmán), | _98411 |
|
| 245 | 4 |
_aLas clases sociales en Santo Domingo. / _cMarcio Mejía-Ricart. |
|
| 260 |
_aSanto Domingo : _bPublicaciones América, _c1982. |
||
| 300 |
_a70 p. ; _c21 cm. |
||
| 590 | _aInventariado, 2019 / DG | ||
| 999 |
_c48632 _d48632 |
||